pharmaceutics: The design and manufacture of medicines (Record no. 19311)
[ view plain ]
| 000 -LEADER | |
|---|---|
| fixed length control field | 00504nam a2200181Ia 4500 |
| 008 - FIXED-LENGTH DATA ELEMENTS--GENERAL INFORMATION | |
| fixed length control field | 230917s9999||||xx |||||||||||||| ||und|| |
| 020 ## - ISBN | |
| Price | GBP20 |
| 040 ## - CATALOGING SOURCE | |
| -- | 235035 |
| Original cataloging agency | VIVEKANANDA LIBRARY |
| 041 ## - Language | |
| -- | English |
| 082 ## - DDC NUMBER | |
| Classification number | 615.19 A54P(4) |
| 100 ## - MAIN ENTRY--PERSONAL NAME | |
| Personal name | Aulton, Michael E, ed. |
| 245 #0 - TITLE STATEMENT | |
| Title | pharmaceutics: The design and manufacture of medicines |
| 250 ## - EDITION STATEMENT | |
| Edition statement | 4th ed. |
| 260 ## - PUBLICATION, DISTRIBUTION, ETC. (IMPRINT) | |
| Place of publication, distribution, etc | Edinburgh |
| Name of publisher, distributor, etc | Elsevier |
| Date of publication, distribution, etc | 2013 |
| 300 ## - PHYSICAL DESCRIPTION | |
| Pages | xiii, 894 p. |
| 500 ## - GENERAL NOTE | |
| General note | 2398 05/10/2016 HBD16/6684 06/10/2016 Main Budget |
| 942 ## - ADDED ENTRY ELEMENTS (KOHA) | |
| Koha item type | Books |
| Withdrawn status | Lost status | Damaged status | Not for loan | Location (home branch) | Sublocation or collection (holding branch) | Date acquired | Koha issues (times borrowed) | Koha full call number | Accession No. | Koha date last seen | Koha item type |
|---|---|---|---|---|---|---|---|---|---|---|---|
| VIVEKANANDA LIBRARY | VIVEKANANDA LIBRARY | 18/11/2016 | 615.19 A54P(4) | 353849 | 17/09/2023 | Books | |||||
| VIVEKANANDA LIBRARY | VIVEKANANDA LIBRARY | 18/11/2016 | 615.19 A54P(4) | 353850 | 17/09/2023 | Books |
